| 000 | 00720nam a2200217 a 4500 | ||
|---|---|---|---|
| 001 | 000012133 | ||
| 005 | 20240412074230.0 | ||
| 008 | 091105s2004 dr a 001 j spa d | ||
| 040 |
_aDO-SdBNP _bspa _cBNPHU |
||
| 082 |
_aRD863.44 _bD473i |
||
| 100 | 1 |
_aDesprader, Rafael Q. _928668 |
|
| 245 | 1 | 0 |
_aInquietudes / _cRafael Q. Desprader ; prólogo Juan Alberto Peña Lebrón y Nestor Caro. |
| 250 | _a3a ed. | ||
| 260 |
_aSanto Domingo : _bEditorama. |
||
| 300 |
_a61 p. : _bil. _a22 cm. |
||
| 650 | 4 |
_aCuentos dominicanos _xCrítica e interpretación _910011 |
|
| 650 | 0 |
_aLiteratura dominicana. _967 |
|
| 700 | 1 |
_aPeña Lebrón, Juan Alberto, _epról. _928669 |
|
| 700 | 1 |
_aCaro, Nestor, _epról. _928670 |
|
| 049 | _aBNPD | ||
| 999 |
_c11798 _d11798 |
||